00267nam a2200109Ia 4500008004100000041000800041082001300049100001400062245003600076260003700112300000800149230627s9999 xx 000 0 und d aeng a344bJOS aJoshi.K.C aThe Pyament Of Gratuity Act1972 bBharat Law House Pvt. Ltd.c1979 a41p